[Event "167th YMCA Spring A"]
[Site "Warsaw"]
[Date "2016.05.06"]
[Round "5"]
[White "Pietrzak, Wojciech"]
[Black "Choroszej, Aleksander"]
[Result "0-1"]
[WhiteElo "1856"]
[BlackElo "1959"]
[PlyCount "82"]
[EventDate "2016.04.07"]
[EventType "tourn"]
[EventRounds "1"]
[SourceDate "2016.04.07"]

1. e4 g6 2. d4 Bg7 3. Nc3 d6 4. Be3 a6 5. h3 Nd7 6. Nf3 b5 7. a4 b4 8. Nd5 a5
9. Bc4 Bb7 10. Nf4 e5 11. dxe5 Nxe5 12. Nxe5 Bxe5 13. Nd5 Nf6 14. Bb5+ Kf8 15.
Bh6+ Kg8 16. Bc4 Nxd5 17. Bxd5 c6 18. Bb3 Qh4 19. Qf3 d5 20. exd5 cxd5 21. Bxd5
Bxd5 22. Qxd5 Re8 23. Qb5 Qe4+ 24. Kf1 Bxb2 25. Rd1 Bg7 26. Be3 h5 27. Qd3 Qc6
28. Qd7 Qc4+ 29. Kg1 Kh7 30. Kh2 Rd8 31. Qb5 Rxd1 32. Rxd1 Qxc2 33. Rc1 Qa2 34.
Qxa5 b3 35. Qd5 Qxa4 36. Qxf7 Rf8 37. Qb7 b2 38. Rc7 Rg8 39. Qxb2 Qa6 40. Bd4
Qd6+ 41. Be5 Qxc7 0-1

[Event "167th YMCA Spring A"]
[Site "Warsaw"]
[Date "2016.05.11"]
[Round "5"]
[White "Szymczak, Rafal"]
[Black "Golecki, Jan"]
[Result "1/2-1/2"]
[WhiteElo "2043"]
[BlackElo "1880"]
[PlyCount "58"]
[EventDate "2016.04.07"]
[EventType "tourn"]
[EventRounds "1"]
[SourceDate "2016.04.07"]

1. f4 b5 2. e3 Bb7 3. Nf3 b4 4. a3 a5 5. axb4 axb4 6. Rxa8 Bxa8 7. d4 Nf6 8. c3
e6 9. Bd3 Be7 10. O-O O-O 11. Qe2 Ne4 12. Bd2 Nxd2 13. Nbxd2 bxc3 14. bxc3 c5
15. Ra1 Nc6 16. Ne5 cxd4 17. Nxc6 dxc6 18. cxd4 c5 19. dxc5 Qc7 20. Be4 Bxe4
21. Nxe4 f5 22. Nf2 Qxc5 23. Nd3 Qb5 24. Kf2 Bf6 25. Rd1 Rd8 26. Ne1 Qxe2+ 27.
Kxe2 Rxd1 28. Kxd1 Kf7 29. Nf3 h6 $11 1/2-1/2

[Event "167th YMCA Spring A"]
[Site "Warsaw"]
[Date "2016.05.04"]
[Round "5"]
[White "Kasperkiewicz, Pawel"]
[Black "Bajkowski, Marcin"]
[Result "1/2-1/2"]
[WhiteElo "1923"]
[BlackElo "1910"]
[PlyCount "82"]
[EventDate "2016.04.07"]
[EventType "tourn"]
[EventRounds "1"]
[SourceDate "2016.04.07"]

1. c4 e5 2. Nc3 Nc6 3. Nf3 d6 4. d4 Bg4 5. d5 Nce7 6. c5 Bxf3 7. exf3 dxc5 8.
Qb3 b6 9. Qa4+ Qd7 10. Bb5 c6 11. dxc6 Qc7 12. O-O O-O-O 13. Be3 Nf6 14. Rfd1
Nfd5 15. a3 Kb8 16. Nxd5 Nxd5 17. b4 cxb4 18. axb4 Be7 19. Rxd5 Rxd5 20. Bc4
Rd6 21. b5 f5 22. Qc2 f4 23. Bd2 Rd4 24. Bf1 Bb4 25. Bxb4 Rxb4 26. Rd1 Rd4 27.
Re1 g6 28. g3 Rhd8 29. Qe2 R8d5 30. Rc1 h5 31. Qa2 fxg3 32. hxg3 g5 33. Re1 g4
34. fxg4 h4 35. Bg2 Rxb5 36. gxh4 Rxg4 37. Qe6 Qg7 38. c7+ Kxc7 39. Qc6+ Kb8
40. Qa8+ Kc7 41. Qc6+ Kb8 $11 1/2-1/2

[Event "167th YMCA Spring A"]
[Site "Warsaw"]
[Date "2016.04.15"]
[Round "5"]
[White "Moscicka, Pola"]
[Black "Piotrowski, Arkadiusz"]
[Result "1-0"]
[WhiteElo "1840"]
[BlackElo "2006"]
[PlyCount "73"]
[EventDate "2016.04.07"]
[EventType "tourn"]
[EventRounds "1"]
[SourceDate "2016.04.07"]

1. d4 d5 2. c4 e6 3. Nc3 Nf6 4. Bg5 Be7 5. Nf3 O-O 6. e3 h6 7. Bf4 c6 8. Qc2
Qa5 9. Bd3 dxc4 10. Bxc4 b5 11. Bb3 Bb7 12. O-O c5 13. dxc5 Bxf3 14. gxf3 Na6
15. Qe2 b4 16. Ne4 Nxe4 17. fxe4 Nxc5 18. Bc2 Nd7 19. Qg4 Kh8 20. Kh1 Nf6 21.
Qg2 e5 22. Rg1 Ne8 23. Bg3 Rd8 24. Rad1 Bf6 25. Rd5 Qc7 26. f4 Rc8 27. Ba4 Qb6
28. fxe5 Be7 29. Bf4 Rg8 30. e6 Qxe6 31. Bd7 Qa6 32. Bxc8 Qxc8 33. Bxh6 g6 34.
Bf4 Bf6 35. Rh5+ Kg7 36. Bh6+ Kh7 37. Bf8+ 1-0

[Event "167th YMCA Spring A"]
[Site "Warsaw"]
[Date "2016.05.10"]
[Round "5"]
[White "Borowy, Cezary"]
[Black "Fus, Jakub"]
[Result "1-0"]
[WhiteElo "2026"]
[BlackElo "1936"]
[PlyCount "61"]
[EventDate "2016.04.07"]
[EventType "tourn"]
[EventRounds "1"]
[SourceDate "2016.04.07"]

1. e4 e6 2. d4 d5 3. Nc3 Bb4 4. e5 Ne7 5. Bd2 b6 6. Nf3 Ba6 7. Bxa6 Nxa6 8. O-O
O-O 9. Ng5 h6 10. Nh3 Nf5 11. a3 Bxc3 12. bxc3 c5 13. g4 Ne7 14. f4 f6 15. g5
Nf5 16. Qe2 Nc7 17. Qg4 Kh7 18. Rae1 Qe8 19. Rf2 Kh8 20. dxc5 bxc5 21. c4 Qc6
22. Ba5 Ne8 23. exf6 gxf6 24. cxd5 Qxd5 25. Bc3 Kh7 26. Rd2 Qc4 27. Rd7+ Kh8
28. Ba1 Qb5 29. Red1 Qc6 30. Qh5 Ned6 31. R1xd6 1-0

[Event "167th YMCA Spring A"]
[Site "Warsaw"]
[Date "2016.05.11"]
[Round "6"]
[White "Piotrowski, Arkadiusz"]
[Black "Borowy, Cezary"]
[Result "1-0"]
[WhiteElo "2006"]
[BlackElo "2026"]
[PlyCount "95"]
[EventDate "2016.04.07"]
[EventType "tourn"]
[EventRounds "1"]
[SourceDate "2016.04.07"]

1. d4 Nf6 2. Nf3 c5 3. d5 e6 4. c4 b5 5. dxe6 fxe6 6. cxb5 d5 7. Bd2 Bd6 8. e3
O-O 9. Bc3 Nbd7 10. Be2 e5 11. O-O Bb7 12. Nbd2 Qc7 13. Ng5 Rae8 14. Nc4 dxc4
15. Bxc4+ Kh8 16. Nf7+ Rxf7 17. Bxf7 Rf8 18. Be6 Ne4 19. Bd5 Nxc3 20. bxc3 Bc8
21. Qe2 Nf6 22. Bc6 e4 23. h3 Qe7 24. f4 exf3 25. Qxf3 Qe5 26. Qf4 Qe6 27. Qf3
Qc4 28. Rac1 Qxa2 29. Ra1 Qc4 30. Rxa7 h6 31. b6 Nd7 32. Rxd7 Bxd7 33. Qxf8+
Bxf8 34. Rxf8+ Kh7 35. Bxd7 Qd5 36. Bf5+ g6 37. Bc8 Qd1+ 38. Rf1 Qe2 39. b7
Qxe3+ 40. Kh1 Qe5 41. Be6 h5 42. Bd5 h4 43. c4 Kh6 44. Rb1 Qb8 45. Rb5 Kg7 46.
Rb6 g5 47. Kg1 Qg3 48. b8=Q 1-0

[Event "167th YMCA Spring A"]
[Site "Warsaw"]
[Date "2016.05.15"]
[Round "6"]
[White "Bajkowski, Marcin"]
[Black "Moscicka, Pola"]
[Result "1/2-1/2"]
[WhiteElo "1910"]
[BlackElo "1840"]
[PlyCount "132"]
[EventDate "2016.04.07"]
[EventType "tourn"]
[EventRounds "1"]
[SourceDate "2016.04.07"]

1. e4 c6 2. d4 d5 3. exd5 cxd5 4. Bd3 Nc6 5. c3 Qc7 6. Ne2 Bg4 7. f3 Bd7 8. Bf4
e5 9. dxe5 Nxe5 10. Bc2 Nf6 11. Qd4 Bd6 12. Nd2 O-O 13. Bg5 Be7 14. O-O-O Rfd8
15. Bf4 Bd6 16. g4 Nc6 17. Bxd6 Qxd6 18. Qf4 Qxf4 19. Nxf4 d4 20. Rhe1 dxc3 21.
bxc3 h6 22. Nc4 Ne8 23. Bb3 Rac8 24. Kb2 b5 25. Ne5 Nxe5 26. Rxe5 Bc6 27. Rxd8
Rxd8 28. Re7 Nd6 29. Rxa7 Bxf3 30. h3 Rc8 31. Bd5 Nc4+ 32. Kb3 Bxd5 33. Nxd5
Rc5 34. Ne7+ Kh8 35. Nf5 Nd2+ 36. Kb2 Ne4 37. Rxf7 Rxc3 38. Rxg7 Rxh3 39. Rg6
Kh7 40. Rb6 Nf2 41. Rxb5 Nxg4 42. a4 Ne3 43. Nxe3 Rxe3 44. a5 Re6 45. Kc3 Ra6
46. Rb7+ Kg8 47. Kb4 h5 48. Rb6 Ra7 49. Rh6 Kg7 50. Rxh5 Kf6 51. Rd5 Ke6 52.
Rd8 Rd7 53. Rc8 Kd6 54. Kb5 Rb7+ 55. Ka6 Rb2 56. Ka7 Rb5 57. a6 Rb1 $11 58. Rb8
Ra1 59. Kb7 Rb1+ 60. Kc8 Rc1+ 61. Kd8 Rh1 62. Rb6+ Kc5 63. Rf6 Rh7 64. Kc8 Kb5
65. Kb8 Rh8+ 66. Kb7 Rh7+ 1/2-1/2

[Event "167th YMCA Spring A"]
[Site "Warsaw"]
[Date "2016.05.13"]
[Round "6"]
[White "Kokoszczynski, Jan"]
[Black "Kasperkiewicz, Pawel"]
[Result "1-0"]
[WhiteElo "1983"]
[BlackElo "1923"]
[PlyCount "37"]
[EventDate "2016.04.07"]
[EventType "tourn"]
[EventRounds "1"]
[SourceDate "2016.04.07"]

1. d4 Nf6 2. c4 g6 3. Nc3 d5 4. Nf3 Bg7 5. Bg5 Ne4 6. cxd5 Nxg5 7. Nxg5 c6 8.
dxc6 Nxc6 9. e3 e5 10. d5 Qxg5 11. dxc6 O-O 12. h4 Qe7 13. Nd5 Qc5 14. Rc1 Qa5+
15. b4 Qa3 16. Rc3 Qb2 17. Rb3 Bg4 18. Rxb2 Bxd1 19. Kxd1 1-0

[Event "167th YMCA Spring A"]
[Site "Warsaw"]
[Date "2016.05.12"]
[Round "6"]
[White "Golecki, Jan"]
[Black "Tychulski, Krzysztof"]
[Result "1/2-1/2"]
[WhiteElo "1880"]
[BlackElo "1885"]
[PlyCount "75"]
[EventDate "2016.04.07"]
[EventType "tourn"]
[EventRounds "1"]
[SourceDate "2016.04.07"]

1. e4 c5 2. Nf3 d6 3. Bb5+ Bd7 4. Bxd7+ Qxd7 5. O-O Nf6 6. Re1 Nc6 7. c3 e6 8.
d4 cxd4 9. cxd4 d5 10. e5 Ne4 11. Nbd2 Nxd2 12. Bxd2 Be7 13. Rc1 O-O 14. Rc3
Rfc8 15. a3 Rc7 16. Rd3 Qd8 17. Ree3 Rac8 18. Ne1 Bg5 19. Rh3 Bxd2 20. Qxd2 Ne7
21. Rc3 Rc4 22. b3 R4c7 23. b4 Rc4 24. Rxc4 Rxc4 25. Rc3 Qc7 26. Rc2 Nf5 27. g4
Nh4 28. Qd3 b5 29. Kf1 h6 30. Ke2 Qc6 31. Kd1 Qb6 32. Rxc4 dxc4 33. Qe4 Ng6 34.
Qa8+ Kh7 35. Qe4 a5 36. h4 Kg8 37. Qa8+ Kh7 38. Qe4 1/2-1/2

[Event "167th YMCA Spring A"]
[Site "Warsaw"]
[Date "2016.05.13"]
[Round "6"]
[White "Choroszej, Aleksander"]
[Black "Szymczak, Rafal"]
[Result "1-0"]
[WhiteElo "1959"]
[BlackElo "2043"]
[PlyCount "59"]
[EventDate "2016.04.07"]
[EventType "tourn"]
[EventRounds "1"]
[SourceDate "2016.04.07"]

1. d4 d5 2. c4 e6 3. Nc3 f5 4. cxd5 exd5 5. e4 dxe4 6. Nh3 Nc6 7. Be3 g6 8. Bc4
Bg7 9. O-O Na5 10. Bxg8 Rxg8 11. Qa4+ c6 12. Bg5 Qc7 13. Nd5 Qf7 14. Ne7 Nc4
15. Nxg8 Qxg8 16. Rac1 Nb6 17. Qa3 Bf8 18. Qg3 Qxa2 19. f3 exf3 20. Rxf3 Kf7
21. Re1 Bd7 22. Bf4 h6 23. Qh4 Qxb2 24. Bxh6 Re8 25. Ng5+ Kg8 26. Rxe8 Bxe8 27.
Bxf8 Qc1+ 28. Rf1 Qe3+ 29. Kh1 Kxf8 30. Re1 1-0

[Event "167th YMCA Spring A"]
[Site "Warsaw"]
[Date "2016.05.10"]
[Round "6"]
[White "Praczukowski, Stanislaw"]
[Black "Pietrzak, Wojciech"]
[Result "1-0"]
[WhiteElo "2073"]
[BlackElo "1856"]
[PlyCount "71"]
[EventDate "2016.04.07"]
[EventType "tourn"]
[EventRounds "1"]
[SourceDate "2016.04.07"]

1. e4 e6 2. d4 d5 3. Nd2 Be7 4. e5 c5 5. Qg4 Kf8 6. dxc5 Nd7 7. Ngf3 h5 8. Qf4
Nxc5 9. Nb3 Nh6 10. Nxc5 Bxc5 11. Bd3 Nf5 12. Bxf5 exf5 13. Be3 Be7 14. O-O Be6
15. Rfd1 Rc8 16. c3 Rc4 17. Rd4 Qb6 18. Rb1 Qa6 19. a3 b6 20. Rbd1 g6 21. Rxc4
Qxc4 22. Qxc4 dxc4 23. h4 Kg7 24. Bg5 f6 25. exf6+ Bxf6 26. Bxf6+ Kxf6 27. Ng5
Rc8 28. Rd6 Re8 29. f4 Re7 30. Kf2 b5 31. g3 Re8 32. Ke3 Re7 33. Kf3 Re8 34.
Ke2 Re7 35. Ke3 Rg7 36. Rxe6# 1-0

[Event "167th YMCA Spring A"]
[Site "Warsaw"]
[Date "2016.05.26"]
[Round "7"]
[White "Szymczak, Rafal"]
[Black "Praczukowski, Stanislaw"]
[Result "1/2-1/2"]
[WhiteElo "2043"]
[BlackElo "2073"]
[PlyCount "42"]
[EventDate "2016.04.07"]
[EventType "tourn"]
[EventRounds "1"]
[SourceDate "2016.04.07"]

1. d4 Nf6 2. Nf3 g6 3. c4 Bg7 4. Nc3 d5 5. cxd5 Nxd5 6. e4 Nxc3 7. bxc3 c5 8.
Bb5+ Nc6 9. O-O O-O 10. Be3 Bg4 11. Bxc6 bxc6 12. dxc5 Bxc3 13. Qxd8 Rfxd8 14.
Rab1 Bxf3 15. gxf3 Rab8 16. Rfd1 Rxb1 17. Rxb1 Bd2 18. Rd1 Ba5 19. Rb1 Bd2 20.
Rd1 Ba5 21. Rb1 Bd2 1/2-1/2

[Event "167th YMCA Spring A"]
[Site "Warsaw"]
[Date "2016.05.19"]
[Round "7"]
[White "Tychulski, Krzysztof"]
[Black "Choroszej, Aleksander"]
[Result "1/2-1/2"]
[WhiteElo "1885"]
[BlackElo "1959"]
[PlyCount "72"]
[EventDate "2016.04.07"]
[EventType "tourn"]
[EventRounds "1"]
[SourceDate "2016.04.07"]

1. e4 g6 2. d4 Bg7 3. Nc3 d6 4. Nf3 a6 5. a4 b6 6. Bc4 e6 7. O-O Ne7 8. Re1 O-O
9. Bg5 h6 10. Bh4 Nd7 11. Qd2 Bb7 12. Rad1 Kh7 13. Bg3 Nf6 14. Qe2 Nh5 15. Bb3
Nxg3 16. hxg3 Nc6 17. Ba2 Qe7 18. Nb1 Nb4 19. Bb3 c5 20. c3 Nc6 21. dxc5 dxc5
22. Na3 Rad8 23. Bc2 Rxd1 24. Rxd1 Rd8 25. Rxd8 Qxd8 26. Bd3 a5 27. Nc2 Qc7 28.
Ne3 Ne7 29. Qc2 Bc6 30. Qb3 Nc8 31. Nc4 Bf6 32. Bc2 Bd8 33. Nce5 Be8 34. Qc4
Ne7 35. Qe2 Nc6 36. Nxc6 $11 Bxc6 $11 1/2-1/2

[Event "167th YMCA Spring A"]
[Site "Warsaw"]
[Date "2016.05.17"]
[Round "7"]
[White "Kasperkiewicz, Pawel"]
[Black "Golecki, Jan"]
[Result "1-0"]
[WhiteElo "1923"]
[BlackElo "1880"]
[PlyCount "229"]
[EventDate "2016.04.07"]
[EventType "tourn"]
[EventRounds "1"]
[SourceDate "2016.04.07"]

1. c4 e6 2. Nc3 d5 3. d4 Nf6 4. Bg5 Be7 5. e3 h6 6. Bh4 O-O 7. Nf3 Ne4 8. Bxe7
Qxe7 9. cxd5 Nxc3 10. bxc3 exd5 11. Qb3 Qe4 12. c4 dxc4 13. Bxc4 Nc6 14. Bd5
Qg6 15. O-O Be6 16. Bxe6 fxe6 17. Ne1 Rab8 18. Nd3 b6 19. Rac1 Qe4 20. Ne5 Nxe5
21. Qxe6+ Kh8 22. Qxe5 Qxe5 23. dxe5 c5 24. f4 Rbd8 25. Rfd1 Kg8 26. Kf2 g6 27.
Kf3 Kf7 28. Ke4 h5 29. g3 Ke7 30. h3 Rxd1 31. Rxd1 c4 32. g4 hxg4 33. hxg4 Rc8
34. f5 c3 35. Rh1 c2 36. Rc1 gxf5+ 37. gxf5 Rc5 38. Kd3 Rd5+ 39. Kxc2 Rxe5 40.
Kd3 Rxf5 41. Rc7+ Kd6 42. Rxa7 Rh5 43. Kd4 Rb5 44. Ra8 Rb4+ 45. Kd3 Rb2 46. Kc3
Re2 47. Kd4 Rb2 48. Ke4 Ke6 49. Ra3 Rb4+ $11 50. Kd3 Rb2 51. Kc3 Re2 52. Kc4
Ke5 53. Kd3 Rb2 54. Ra4 Kd5 55. Ra3 Ke5 56. Ra7 Kd5 $11 57. Ra8 Ke5 58. Kc4
Rc2+ 59. Kb5 Rb2+ 60. Kc6 Kf6 61. Kd5 Rd2+ 62. Ke4 Ke6 63. Ra6 Rb2 64. Kf4 Rf2+
65. Kg3 Rb2 66. Kf3 Ke5 67. Ra8 Kf6 68. Kf4 Rf2+ 69. Ke4 Ke6 70. a4 Rb2 71. Kf4
Rf2+ 72. Kg3 Rf6 73. Re8+ Kd6 74. Re4 Rf1 75. Rd4+ Kc5 76. Kg4 Rf8 77. Rf4 Re8
78. Kf3 Re6 79. Re4 Rf6+ 80. Kg4 Kd5 81. Rf4 Re6 82. Kf3 Rc6 83. Rf5+ Ke6 84.
Rb5 Kf6 85. Kg3 Kg6 $11 86. e4 Kf7 87. Kf4 Rc4 88. Rf5+ Ke7 $11 89. Rh5 Rxa4
90. Kf5 Ra5+ 91. e5 Rc5 92. Rh7+ Ke8 93. Kf6 Rc1 94. Rh8+ Kd7 95. e6+ Kd6 96.
Rd8+ Kc7 97. e7 Rf1+ 98. Kg5 Re1 99. e8=Q Rxe8 100. Rxe8 Kd6 101. Kf4 Kd5 102.
Ke3 Kc4 103. Kd2 b5 104. Kc2 b4 105. Rc8+ Kb5 106. Kb3 Ka5 107. Rb8 Ka6 108.
Rxb4 Ka5 109. Kc4 Ka6 110. Kc5 Ka5 111. Rh4 Ka6 112. Rh1 Kb7 113. Rh7+ Ka6 114.
Rg7 Ka5 115. Ra7# 1-0

[Event "167th YMCA Spring A"]
[Site "Warsaw"]
[Date "2016.05.17"]
[Round "7"]
[White "Moscicka, Pola"]
[Black "Kokoszczynski, Jan"]
[Result "0-1"]
[WhiteElo "1840"]
[BlackElo "1983"]
[PlyCount "50"]
[EventDate "2016.04.07"]
[EventType "tourn"]
[EventRounds "1"]
[SourceDate "2016.04.07"]

1. d4 Nf6 2. c4 e6 3. g3 d5 4. Bg2 Nbd7 5. Nf3 c6 6. Bf4 Bb4+ 7. Nbd2 O-O 8.
O-O Re8 9. a3 Be7 10. Qc2 Nh5 11. Be3 Bd6 12. b4 a5 13. Qb3 Qe7 14. Rab1 Nhf6
15. Bg5 h6 16. Bxf6 Nxf6 17. e3 b6 18. bxa5 bxa5 19. Qa4 Bxa3 20. Qxc6 Bd7 21.
Qb7 Bb4 22. c5 g5 23. Rfd1 Reb8 24. Qc7 Ne8 25. Qe5 f6 0-1

[Event "167th YMCA Spring A"]
[Site "Warsaw"]
[Date "2016.05.18"]
[Round "7"]
[White "Borowy, Cezary"]
[Black "Bajkowski, Marcin"]
[Result "0-1"]
[WhiteElo "2026"]
[BlackElo "1910"]
[PlyCount "44"]
[EventDate "2016.04.07"]
[EventType "tourn"]
[EventRounds "1"]
[SourceDate "2016.04.07"]

1. e4 e6 2. d4 d5 3. Nd2 Nf6 4. e5 Nfd7 5. Bd3 c5 6. c3 Nc6 7. Ngf3 Qb6 8. O-O
cxd4 9. cxd4 Nxd4 10. Nxd4 Qxd4 11. Nf3 Qb6 12. Qa4 Be7 13. Be3 Qd8 14. Rac1
O-O 15. Qc2 h6 16. Qd2 f5 17. exf6 Rxf6 18. Bd4 Rxf3 19. gxf3 e5 20. Bc3 Bg5
21. Qe2 Bxc1 22. Rxc1 Qg5+ 0-1

[Event "167th YMCA Spring A"]
[Site "Warsaw"]
[Date "2016.05.16"]
[Round "7"]
[White "Fus, Jakub"]
[Black "Piotrowski, Arkadiusz"]
[Result "1-0"]
[WhiteElo "1936"]
[BlackElo "2006"]
[PlyCount "131"]
[EventDate "2016.04.07"]
[EventType "tourn"]
[EventRounds "1"]
[SourceDate "2016.04.07"]

1. d4 c5 2. d5 Nf6 3. c4 g6 4. Nc3 d6 5. e4 Bg7 6. f3 a6 7. Be3 Nbd7 8. Nh3 Rb8
9. Nf2 Ne5 10. Be2 h5 11. h3 h4 12. f4 Ned7 13. O-O Nh5 14. Nh1 b5 15. cxb5
axb5 16. Bxb5 Bxc3 17. Bxd7+ Qxd7 18. bxc3 Ba6 19. Rf2 Qb5 20. Qf3 Qd3 21. e5
Qxc3 22. Rc1 Qd3 23. exd6 exd6 24. f5 gxf5 25. Kh2 Qe4 26. Re1 Qxf3 27. Rxf3
Kd7 28. Bg5 f6 29. Bxh4 f4 30. Ra3 Rb6 31. Nf2 Re8 32. Rxe8 Kxe8 33. Ne4 Ke7
34. Kg1 c4 35. Kf2 Kf7 36. Kf3 f5 37. Ng5+ Kg6 38. Bf2 Bb7 39. Bxb6 Bxd5+ 40.
Kf2 Kxg5 41. Bd8+ Kg6 42. Ra6 Kf7 43. Rxd6 Be6 44. a4 Ng3 45. Rd1 c3 46. Rc1
Bb3 47. Kf3 c2 48. a5 Bd5+ 49. Kf2 Ne4+ 50. Ke1 Ke8 51. Bb6 Nd6 52. Rxc2 Nc4
53. Rf2 Kd7 54. Rxf4 Ke6 55. Rf2 Be4 56. Kf1 Ne5 57. Kg1 Bd3 58. Rd2 Bb5 59.
Rd8 Nc4 60. Rh8 Ke5 61. h4 Ke6 62. h5 Nd6 63. Rh6+ Ke7 64. Rxd6 Kxd6 65. h6 f4
66. h7 1-0

[Event "167th YMCA Spring A"]
[Site "Warsaw"]
[Date "2016.05.25"]
[Round "8"]
[White "Bajkowski, Marcin"]
[Black "Fus, Jakub"]
[Result "1/2-1/2"]
[WhiteElo "1910"]
[BlackElo "1936"]
[PlyCount "60"]
[EventDate "2016.04.07"]
[EventType "tourn"]
[EventRounds "1"]
[SourceDate "2016.04.07"]

1. e4 e6 2. d4 d5 3. Nd2 Be7 4. Bd3 c5 5. c3 cxd4 6. cxd4 dxe4 7. Nxe4 Nf6 8.
Nf3 Nc6 9. O-O O-O 10. Be3 Nb4 11. Nxf6+ Bxf6 12. Be4 Nd5 13. Qd3 h6 14. Rac1
b6 15. a3 Bb7 16. Rc2 Rc8 17. Rfc1 Rxc2 18. Rxc2 Qa8 19. Ne5 Rd8 20. Ng4 Be7
21. Nxh6+ gxh6 22. Bxh6 Qb8 23. Qf3 f5 24. Qh5 Nf4 25. Bxf4 Qxf4 26. Qg6+ Kf8
27. Bxb7 Qxd4 28. Qh6+ Kf7 29. Qh7+ Kf8 30. Qh6+ Kf7 $11 1/2-1/2

[Event "167th YMCA Spring A"]
[Site "Warsaw"]
[Date "2016.05.25"]
[Round "8"]
[White "Kokoszczynski, Jan"]
[Black "Borowy, Cezary"]
[Result "1/2-1/2"]
[WhiteElo "1983"]
[BlackElo "2026"]
[PlyCount "66"]
[EventDate "2016.04.07"]
[EventType "tourn"]
[EventRounds "1"]
[SourceDate "2016.04.07"]

1. d4 Nf6 2. c4 c5 3. d5 b5 4. cxb5 a6 5. b6 Qxb6 6. Nc3 d6 7. Nf3 g6 8. Nd2 a5
9. e4 Ba6 10. Nc4 Qc7 11. Be2 Nbd7 12. O-O Bg7 13. a4 Bxc4 14. Bxc4 Nb6 15.
Bb5+ Nfd7 16. Qe2 O-O 17. Be3 Rab8 18. Rac1 e6 19. dxe6 fxe6 20. Rfd1 Ne5 21.
f4 Nc6 22. e5 dxe5 23. Bxc5 Nd4 24. Bxd4 exd4 25. Qxe6+ Kh8 26. Nd5 Qd8 27.
Nxb6 Rxb6 28. Qe4 Qf6 29. g3 Re6 30. Qg2 Qe7 31. Qd2 Qa7 32. Bd3 Qb6 33. Rf1
Rb8 1/2-1/2

[Event "167th YMCA Spring A"]
[Site "Warsaw"]
[Date "2016.05.29"]
[Round "8"]
[White "Golecki, Jan"]
[Black "Moscicka, Pola"]
[Result "1-0"]
[WhiteElo "1880"]
[BlackElo "1840"]
[PlyCount "119"]
[EventDate "2016.04.07"]
[EventType "tourn"]
[EventRounds "1"]
[SourceDate "2016.04.07"]

1. e4 e5 2. Nf3 Nf6 3. Nxe5 d6 4. Nf3 Nxe4 5. Qe2 Qe7 6. d3 Nf6 7. Bg5 Nbd7 8.
Nc3 Qxe2+ 9. Bxe2 c6 10. d4 d5 11. O-O-O Bd6 12. Bd3 O-O 13. h3 h6 14. Bd2 b6
15. Nh4 Bb7 16. Nf5 Bc7 17. g4 c5 18. Nb5 Bb8 19. Nbd6 Bxd6 20. Nxd6 Bc6 21. c3
c4 22. Bc2 b5 23. f3 a5 24. h4 Nh7 25. Nf5 Rfe8 26. Ng3 b4 27. Bf4 Ra7 28. g5
b3 29. Bxh7+ Kxh7 30. a3 Nf8 31. gxh6 g6 32. h5 Ne6 33. hxg6+ fxg6 34. Be5 Nc5
35. f4 Nd3+ 36. Rxd3 cxd3 37. Kd2 Rf8 38. Kxd3 Bb5+ 39. Ke3 a4 40. Rh2 Raf7 41.
Rg2 Bd7 42. Nh1 Bf5 43. Nf2 Rc8 44. Kd2 Bc2 45. Nh3 Kg8 46. Ng5 Rh7 47. Nxh7
Kxh7 48. Bg7 Re8 49. Re2 Rxe2+ 50. Kxe2 Bf5 51. Kf3 Bd7 52. Kg3 Bc6 53. Kh4 Bd7
54. Kg5 Bc8 55. Kf6 Bb7 56. Ke5 Ba8 57. Kd6 Bb7 58. Kc5 Ba8 59. Kb6 Kg8 60. Kb5
1-0

[Event "167th YMCA Spring A"]
[Site "Warsaw"]
[Date "2016.05.27"]
[Round "8"]
[White "Choroszej, Aleksander"]
[Black "Kasperkiewicz, Pawel"]
[Result "0-1"]
[WhiteElo "1959"]
[BlackElo "1923"]
[PlyCount "39"]
[EventDate "2016.04.07"]
[EventType "tourn"]
[EventRounds "1"]
[SourceDate "2016.04.07"]

1. d4 Nf6 2. c4 e6 3. Nc3 Bb4 4. f3 O-O 5. a3 Bxc3+ 6. bxc3 Ne8 7. e4 b6 8. Bd3
Ba6 9. f4 Nc6 10. Nf3 Na5 11. Qe2 c5 12. e5 f5 13. d5 d6 14. Ng5 Nc7 15. dxe6
dxe5 16. Nf7 Qh4+ 17. g3 Qf6 18. fxe5 Qxe6 19. Ng5 Qc6 20. O-O 0-1

[Event "167th YMCA Spring A"]
[Site "Warsaw"]
[Date "2016.05.24"]
[Round "8"]
[White "Praczukowski, Stanislaw"]
[Black "Tychulski, Krzysztof"]
[Result "1-0"]
[WhiteElo "2073"]
[BlackElo "1885"]
[PlyCount "93"]
[EventDate "2016.04.07"]
[EventType "tourn"]
[EventRounds "1"]
[SourceDate "2016.04.07"]

1. e4 c5 2. Nf3 e6 3. d3 Nc6 4. g3 a6 5. Bg2 g6 6. O-O Bg7 7. c3 Nge7 8. Be3 b6
9. d4 cxd4 10. Nxd4 Bb7 11. Na3 d5 12. exd5 Nxd5 13. Nxc6 Bxc6 14. Nc4 O-O 15.
Nxb6 Nxe3 16. Qxd8 Raxd8 17. fxe3 Bh6 18. Bxc6 Bxe3+ 19. Kh1 Bxb6 20. Rad1 Rxd1
21. Rxd1 Rd8 22. Rxd8+ Bxd8 23. Kg2 Bf6 24. Kf3 Kf8 25. Ke4 Ke7 26. Kd3 Kd6 27.
Bb7 a5 28. Kc4 Kc7 29. Bg2 Be7 30. Kb5 f5 31. Kxa5 e5 32. Kb5 h5 33. Kc4 Kd6
34. b4 Bd8 35. Kb5 h4 36. a4 hxg3 37. hxg3 g5 38. c4 g4 39. c5+ Kc7 40. Kc4 e4
41. b5 Bf6 42. a5 Be5 43. a6 Bxg3 44. b6+ Kb8 45. a7+ Kb7 46. c6+ Ka8 47. c7
1-0

[Event "167th YMCA Spring A"]
[Site "Warsaw"]
[Date "2016.04.15"]
[Round "8"]
[White "Pietrzak, Wojciech"]
[Black "Szymczak, Rafal"]
[Result "1/2-1/2"]
[WhiteElo "1856"]
[BlackElo "2043"]
[PlyCount "95"]
[EventDate "2016.04.07"]
[EventType "tourn"]
[EventRounds "1"]
[SourceDate "2016.04.07"]

1. e4 c6 2. d4 d5 3. Nc3 dxe4 4. Nxe4 Bf5 5. Ng3 Bg6 6. Nf3 Nd7 7. h4 h6 8. h5
Bh7 9. Bd3 Bxd3 10. Qxd3 Ngf6 11. Bd2 e6 12. O-O-O Qc7 13. Ne5 Nxe5 14. dxe5
Qxe5 15. Bc3 Qd5 16. Qe3 Bc5 17. Qf4 Qg5 18. Qxg5 hxg5 19. h6 Bxf2 20. hxg7
Rxh1 21. Nxh1 Be3+ 22. Kb1 Ng8 23. Ng3 c5 24. Ne4 Bd4 25. Bxd4 cxd4 26. Rxd4
Rd8 27. Rxd8+ Kxd8 28. Nd6 Ke7 29. Nxb7 f5 30. c4 Kf6 31. Nd8 e5 32. Nc6 e4 33.
Nxa7 f4 34. Kc2 Kxg7 35. c5 Kf6 36. c6 g4 37. c7 Ne7 38. Nc6 Nc8 39. Kd2 g3 40.
Ke2 Ke6 41. Nd4+ Kd7 42. Nb5 Nb6 43. Nc3 f3+ 44. gxf3 g2 45. Kf2 exf3 46. Nb5
Nc4 47. Nd4 Nxb2 48. Nxf3 $11 1/2-1/2

[Event "167th YMCA Spring A"]
[Site "Warsaw"]
[Date "2016.04.26"]
[Round "9"]
[White "Tychulski, Krzysztof"]
[Black "Pietrzak, Wojciech"]
[Result "1-0"]
[WhiteElo "1885"]
[BlackElo "1856"]
[PlyCount "99"]
[EventDate "2016.04.07"]
[EventType "tourn"]
[EventRounds "1"]
[SourceDate "2016.04.07"]

1. e4 c5 2. Nf3 d6 3. d4 cxd4 4. Nxd4 Nf6 5. f3 e5 6. Nb3 a5 7. Bb5+ Nc6 8. Nc3
Be7 9. Be3 O-O 10. a4 Be6 11. Nd5 Bxd5 12. exd5 Nb4 13. c4 Nh5 14. g3 f5 15.
Bf2 e4 16. fxe4 fxe4 17. O-O e3 18. Bxe3 Rxf1+ 19. Kxf1 Bg5 20. Bf2 Qf6 21. Kg1
Rf8 22. Qe2 Nd3 23. Bd4 Qg6 24. Qe6+ Qxe6 25. dxe6 Nb4 26. Rf1 Nc6 27. Rxf8+
Kxf8 28. Bxc6 bxc6 29. Nxa5 c5 30. Bc3 Ke7 31. Nb7 Kxe6 32. a5 Kd7 33. a6 Kc6
34. Ba5 Be7 35. Nd8+ Bxd8 36. Bxd8 g6 37. Be7 Ng7 38. a7 Kb7 39. Bxd6 Ne6 40.
Bb8 g5 41. Kf2 g4 42. Ke3 h5 43. Ke4 Nd4 44. Kf4 Nf3 45. h4 Nd2 46. Kg5 Nxc4
47. Kxh5 Nxb2 48. Kxg4 Nd3 49. Kf3 Nb4 50. h5 1-0